000 01899 a2200313 4500
003 NUST
005 20230209145326.0
010 _a 2001269407
020 _a0340706325
020 _a0340706333 (pbk.)
035 _a(OCoLC)ocm43786758
040 _cNust
082 0 0 _a954.91,TAL
100 1 _aTalbot, Ian.
_913136
245 1 0 _aIndia and Pakistan /
_cIan Talbot.
246 1 4 _aIndia & Pakistan
260 _aLondon :
_bArnold ;
_aNew York :
_bOxford University Press,
_c2000.
300 _axxi, 312 p. :
_bmaps ;
_c25 cm.
440 0 _aInventing the nation
_9108811
505 8 _aMachine generated contents note: Introduction (Page-1), Community, nation and the British Raj (Page-9), Indian ideas and new senses of community (Page-32), Spreading the word: communicating new senses of identity (Page-60), Anjumans, associations and sabhas: the institutionalization of -- new senses of community (Page-86 ), The politicization of community identities (Page-111), Nationalism, communal and ethnic identities and the partition -- of India (Page-134), Nation building in India: ideas and institutions (Page-162), Nation building in Pakistan: ideas and institutions (Page-196), Globalization and the nation state in the subcontinent (Page-223), Ethno-nationalism, insurgency and secessionism in India and -- Pakistan (Page-252), Conclusion (Page-283).
650 0 _aNationalism
_zIndia.
_946345
650 0 _aNationalism
_zPakistan.
_9108812
651 0 _aIndia
_xPolitics and government
_y1947-
_912045
651 0 _aPakistan
_xPolitics and government.
856 4 1 _3Contributor biographical information
_uhttp://www.loc.gov/catdir/enhancements/fy0725/2001269407-b.html
856 4 1 _3Publisher description
_uhttp://www.loc.gov/catdir/enhancements/fy0611/2001269407-d.html
856 4 1 _3Table of contents only
_uhttp://www.loc.gov/catdir/toc/fy031/2001269407.html
942 _2ddc
_cBK
_k954.91,TAL
999 _c186734
_d186734